000 00320nam a22001337a 4500
020 _a1-56032-028-1
082 _a621.4023 COM'C
100 _aCHIGIER, N
_967659
245 _aCOMBUSTION MEASUREMENT
260 _aNEWYORK
_bOHEMISPHERE
_c1991
300 _a535P
650 _aCOMBUSTION MEASUREMENT
_967660
942 _cBK
999 _c575384
_d575384